Nietzsches Werke. (Record n. 357897)
[ formato base ]
| 000 -LEADER | |
|---|---|
| fixed length control field | 01038cam a2200229u 4500 |
| 001 - CONTROL NUMBER | |
| control field | 7212202 |
| 003 - CONTROL NUMBER IDENTIFIER | |
| control field | IT-MiSPE |
| 005 - DATE AND TIME OF LATEST TRANSACTION | |
| control field | 20180709154132.0 |
| 008 - FIXED-LENGTH DATA ELEMENTS--GENERAL INFORMATION | |
| fixed length control field | 840214n xx 000 0 ger |
| 010 ## - LIBRARY OF CONGRESS CONTROL NUMBER | |
| LC control number | unk83066724 |
| 040 ## - CATALOGING SOURCE | |
| Original cataloging agency | IT-MiSPE |
| Transcribing agency | IT-MiSPE |
| Language of cataloging | ita |
| 041 ## - LANGUAGE CODE | |
| Language code of text/sound track or separate title | ger |
| 082 ## - DEWEY DECIMAL CLASSIFICATION NUMBER | |
| Classification number | 193-NIE fr we (23173) |
| 100 1# - MAIN ENTRY--PERSONAL NAME | |
| Personal name | Nietzsche, Friedrich Wilhelm, |
| Dates associated with a name | 1844-1900. |
| 9 (RLIN) | 57251 |
| 245 00 - TITLE STATEMENT | |
| Title | Nietzsches Werke. |
| Remainder of title | In Zwei Bänden (Band I). |
| Statement of responsibility, etc. | Friedrich Wilhelm Nietzsche. |
| 260 ## - PUBLICATION, DISTRIBUTION, ETC. (IMPRINT) | |
| Place of publication, distribution, etc. | Wien |
| Date of publication, distribution, etc. | s.d. |
| Name of publisher, distributor, etc. | Buchgemeinschaft Donauland (Lizenzausgabe) |
| 300 ## - PHYSICAL DESCRIPTION | |
| Extent | 1136 p. ; |
| Other physical details | Band I |
| Dimensions | 19 cm. |
| 505 ## - FORMATTED CONTENTS NOTE | |
| Formatted contents note | Contiene: Leben und Werk ; Selbstdarstellungen (Aus Briefen und Auszeichnungen ; Ecce homo); Hauptwerke (Gedichte und Sprüche ; Also sprach Zarathustra ; Die Geburt der Tragödie ; Nachgelassene Schriften). |
| 655 ## - INDEX TERM--GENRE/FORM | |
| Genre/form data or focus term | Filosofo di lingua tedesca. Generalità e filosofi fino al 1920 |
| General subdivision | Filosofi del 1800 e del 1900: Friedrich Wilhelm Nietzsche, 1844-1900 |
| 9 (RLIN) | 57252 |
| 906 ## - LOCAL DATA ELEMENT F, LDF (RLIN) | |
| a | 0 |
| b | cbc |
| c | premunv |
| d | u |
| e | ncip |
| f | 19 |
| g | y-gencatlg |
| 942 ## - ADDED ENTRY ELEMENTS (KOHA) | |
| Source of classification or shelving scheme | Dewey Decimal Classification |
| Koha item type | LIBRO |
| Withdrawn status | Lost status | Source of classification or shelving scheme | Damaged status | Not for loan | Home library | Current library | Date acquired | Total Checkouts | Full call number | Date last seen | Price effective from | Koha item type |
|---|---|---|---|---|---|---|---|---|---|---|---|---|
| Dewey Decimal Classification | Buone Condizioni | Not For Loan | CINISELLO | CINISELLO | 15/05/2018 | 193-NIE fr we (23173) | 15/05/2018 | 15/05/2018 | LIBRO |